|
|
|
|
| LEADER |
00000naa2a2200000 4500 |
| 001 |
629271 |
| 005 |
20231220112036.0 |
| 035 |
|
|
|a (RuTPU)RU\TPU\conf\29767
|
| 035 |
|
|
|a RU\TPU\conf\29766
|
| 090 |
|
|
|a 629271
|
| 100 |
|
|
|a 20190416d2019 k y0rusy50 ca
|
| 101 |
0 |
|
|a rus
|
| 102 |
|
|
|a RU
|
| 105 |
|
|
|a y z 101zy
|
| 135 |
|
|
|a drgn ---uucaa
|
| 181 |
|
0 |
|a i
|
| 182 |
|
0 |
|a b
|
| 200 |
1 |
|
|a Причины несчастных случаев в промышленности и пути их предотвращения
|f Т. С. Хвостенко
|g науч. рук. Л. Г. Деменкова
|
| 203 |
|
|
|a Текст
|c электронный
|
| 225 |
1 |
|
|a Экология, безопасность и охрана труда на предприятии
|
| 300 |
|
|
|a Заглавие с экрана
|
| 320 |
|
|
|a [Библиогр.: с. 84-85 (7 назв.)]
|
| 330 |
|
|
|a В данной статье рассмотрены причины несчастных случаев на производстве, приведены статистические данные по их количеству, выявлены пути предотвращения несчастных случаев.
|
| 463 |
|
0 |
|0 (RuTPU)RU\TPU\conf\29747
|t Прогрессивные технологии и экономика в машиностроении
|o сборник трудов X Всероссийской научно-практической конференции для студентов и учащейся молодежи, 4-6 апреля 2019 г., Юрга
|f Национальный исследовательский Томский политехнический университет (ТПУ), Юргинский технологический институт (ЮТИ) ; под ред. Е. А. Зернина
|v [С. 82-85]
|d 2019
|
| 610 |
1 |
|
|a электронный ресурс
|
| 610 |
1 |
|
|a труды учёных ТПУ
|
| 610 |
1 |
|
|a причины
|
| 610 |
1 |
|
|a несчастные случаи
|
| 610 |
1 |
|
|a промышленность
|
| 610 |
1 |
|
|a предотвращение
|
| 610 |
1 |
|
|a охрана труда
|
| 610 |
1 |
|
|a инструктаж
|
| 610 |
1 |
|
|a техника безопасности
|
| 700 |
|
1 |
|a Хвостенко
|b Т. С.
|
| 702 |
|
1 |
|a Деменкова
|b Л. Г.
|c специалист в области естествознания
|c старший преподаватель Юргинского технологического института (филиала) Томского политехнического университета
|f 1964-
|g Лариса Геннадьевна
|4 727
|
| 712 |
0 |
2 |
|a Национальный исследовательский Томский политехнический университет (ТПУ)
|b Юргинский технологический институт (филиал) (ЮТИ)
|b Отделение техносферной безопасности (ОТБ)
|3 (RuTPU)RU\TPU\col\24897
|
| 801 |
|
2 |
|a RU
|b 63413507
|c 20190419
|g RCR
|
| 856 |
4 |
|
|u http://earchive.tpu.ru/handle/11683/53073
|
| 942 |
|
|
|c BK
|